| 000 | 01251nac a22003251u 4500 | ||
|---|---|---|---|
| 008 | 111120s2010 nyua|||frb 001 0 eng d | ||
| 010 | _a 97016040 | ||
| 020 | _a0195384932 | ||
| 020 | _a9780195384932 | ||
| 082 | 0 | 4 |
_a621.382 _bLAT _222 |
| 100 | 1 |
_aLathi, B. P. _927808 |
|
| 245 | 1 | 0 |
_aModern digital and analog communication systems / _cB.P. Lathi, Zhi Ding |
| 250 | _a4th ed., International. | ||
| 260 |
_aNew York : _bOxford University Press, _c2010. |
||
| 300 |
_axiii, 903 p. : _bill. ; _c26 cm. |
||
| 490 | 0 | _aThe Oxford series in electrical and computer engineering | |
| 500 | _aIndex : p. 889-903. | ||
| 500 | _aAppendix : p. 873-888. | ||
| 504 | _aIncludes bibliographical references. | ||
| 590 | _aMenna elemam | ||
| 650 | 0 |
_aTelecommunication systems. _927810 _2BUEsh |
|
| 650 | 0 |
_aDigital communications. _927811 _2BUEsh |
|
| 650 | 0 |
_aStatistical communication theory. _927812 _2BUEsh |
|
| 651 | _2BUEsh | ||
| 653 |
_bCOMSCI _cAugust2015 |
||
| 700 | 1 |
_aDing, Zhi _927807 |
|
| 856 | 4 | 2 |
_3Publisher description _uhttp://www.loc.gov/catdir/enhancements/fy0605/97016040-d.html |
| 856 | 4 | 2 |
_3Table of contents only _uhttp://www.loc.gov/catdir/enhancements/fy0605/97016040-t.html |
| 942 |
_cTB _k621.382 LAT _2ddc |
||
| 999 |
_c16237 _d16237 |
||